000 00494nam a2200181Ia 4500
008 240925s9999 xx 000 0 und d
020 _a8131800806
082 _a621.3822 WEE
100 _aMichael, Weeks
245 0 _aDigital Signal Processing: using MATLABĀ® and wavelets
250 _aNA
260 _aBangalore:
_bFirewall Media
_c,2007.
300 _axxlx,1139p.
_bN.A
_fPirated
500 _aIncludes Index
600 _aElectronic Engineering
650 _aTechnology
942 _cBK
999 _c11215
_d11215